Portugal, par lettre A - Statistiques

Statistiques générales
  • Ce quiz a été pris 193 fois
  • Le résultat moyen est 3 sur 10
Statistiques - réponses
Questions Réponses % Correct
Archipel d'îles portugaises de l'Océan Atlantique Acores
85%
Ancienne colonie portugaise, désormais pays africain indépendant Angola
75%
Prénom féminin le plus populaire par A Ana
57%
Ville de la côte Ouest, "petite venise" Aveiro
55%
Chanteuse de Fado Amalia Rodrigues
49%
"Heróis do mar, nobre povo, Nação valente e imortal Levantai hoje de novo O esplendor de Portugal ! Entre as brumas da memória, Ó Pátria, sente-se a voz Dos teus egrégios avós Que há-de guiar-te à vitória ! ... As armas, As armas
8%
Type de saucisse à base de pain et viande Alheiras
7%
Premier roi portugais Alphonse 1er
7%
Région du sud Alentejo, algarve
4%
Activité touristique de Lisbonne Ascenseur de Santa Justa, Aquarium
1%
Aucun quiz correspondant
Distribution des résultats
% des personnes avec chaque résultat
Percentile par nombre de réponses
Votre historique - résultats
Vous n’avez pas pris ce quiz